000 00291nam a22001097a 4500
008 170112b xxu||||| |||| 00| 0 eng d
020 _a9780803608078
041 _aeng
080 _22ND
_a618.2
245 _aADVANCING YOUR CAREER/ CONCEPTS OF PROFESSIONAL NURSING
_cKEARNEY, R
942 _2udc
_cBK
999 _c2771
_d2771